The jungle book /

Hlavní autor: Kipling, Rudyard, 1865-1936
Jazyk: Angličtina
Vydáno: Brno : Tribun, 2007
Vydání: 1st ed.
Edice: Librix series
Témata:
Fyzický popis: 139 s. ; 21 cm
Knihy
Uloženo v:
LEADER 01359nam a2200409 a 4500
001 nkc20071728891
003 CZ PrNK
005 20071024160200.0
007 ta
008 070724s2007 xr c 000 j eng
015 |a cnb001728891 
020 |a 978-80-903744-6-1  |q (brož.) 
035 |a (OCoLC)189426960 
040 |a BOA001  |b cze  |d ABA001 
072 7 |a 821.111-3  |x Anglická próza, anglicky psaná  |2 Konspekt  |9 25 
072 7 |a 821-93  |x Literatura pro děti a mládež (beletrie)  |2 Konspekt  |9 26 
080 |a 821-93  |2 MRF 
080 |a 821.111-32  |2 MRF 
080 |a (0:82-321.3)  |2 MRF 
100 1 |a Kipling, Rudyard,  |d 1865-1936  |7 jn19990004353  |4 aut 
245 1 4 |a The jungle book /  |c Joseph Rudyard Kipling 
250 |a 1st ed. 
260 |a Brno :  |b Tribun,  |c 2007 
300 |a 139 s. ;  |c 21 cm 
490 1 |a Librix series 
655 7 |a anglické povídky  |7 fd131811  |2 czenas 
655 7 |a dobrodružné povídky  |7 fd132059  |2 czenas 
655 7 |a publikace pro děti  |7 fd133156  |2 czenas 
655 9 |a English short stories  |2 eczenas 
655 9 |a adventure short stories  |2 eczenas 
655 9 |a children's literature  |2 eczenas 
830 0 |a Librix series  |0 s 
910 2 |a BOA001  |b 2-1189.971 
990 |a BK 
995 |a 01 
991 |b 200708 
996 6 |b 2610317519  |c 2-1189.971  |l MZK  |r Sklad / do 1 hodiny  |n 2  |p p.v.  |w 000862871  |u 000010  |a 1  |e BOA001  |j MZK50  |s P